000 00297nam a22001337a 4500
008 180807b xxu||||| |||| 00| 0 eng d
082 _a813.52
245 _aNursing Drug Reference
_cElsevier,M
260 _c2009
300 _a1
_fCD
440 _x9996036227
760 _b22nd
942 _2ddc
_cMX
999 _c46904
_d46904